A new wave of anti-americanism /
La política basada en decisiones unilaterales y el intervencionismo militar, político y económico de los EEUU, ha acrecentado los sentimientos antinorteamericanos en el mundo. En este artículo se analiza la nueva ola de antinorteamericanismo en América Latina, el cual muestra implicaciones muy parti...
Salvato in:
| Autore principale: | |
|---|---|
| Natura: | testo |
| Soggetti: | |
| Tags: |
Aggiungi Tag
Nessun Tag, puoi essere il primo ad aggiungerne!!
|
MARC
| LEADER | 00000 a a2200000 04500 | ||
|---|---|---|---|
| 001 | 10035 | ||
| 003 | |||
| 040 | |||
| 100 | |a Ballvé, Marcelo | ||
| 245 | |a A new wave of anti-americanism / |c Marcelo Ballvé | ||
| 520 | |a La política basada en decisiones unilaterales y el intervencionismo militar, político y económico de los EEUU, ha acrecentado los sentimientos antinorteamericanos en el mundo. En este artículo se analiza la nueva ola de antinorteamericanismo en América Latina, el cual muestra implicaciones muy particulares en los planos político, económio y cultural | ||
| 650 | |a OPINION | ||
| 650 | |a MEDICION DE OPINION | ||
| 650 | |a POLITICA ECONOMICA | ||
| 650 | |a POLITICA INTERNACIONAL | ||
| 650 | |a INTERVENCION EXTRANJERA | ||
| 650 | |a NEOLIBERALISMO | ||
| 650 | |a AMERICA LATINA | ||
| 650 | |a ESTADOS UNIDOS | ||
| 773 | |g volumen 38, número 6; páginas 37-40 | ||
| 999 | |c 33414 |d 33414 | ||
